| 000 | 00798nas a2200265 4500 | ||
|---|---|---|---|
| 001 | BR9800377 | ||
| 003 | BR-BrBNA | ||
| 005 | 20231205100705.0 | ||
| 007 | ta | ||
| 008 | 230509b bl.|||p| |||| 00| 00por d | ||
| 040 |
_aBR-BrBNA _bpor _cBiblioteca Nacional de Agricultura |
||
| 041 | _a(Pt) | ||
| 072 | _aL01 | ||
| 100 | 1 | _aCruz, G.M. da | |
| 100 | 1 | _aAlencar, M.M. de | |
| 100 | 1 | _aTullio, R.R. | |
| 245 | 1 | _aProducao e composicao do leite de vacas das racas Canchim e Nelore | |
| 650 | _aGado de Corte | ||
| 650 | _aLeite | ||
| 650 | _aComposicao de Alimento | ||
| 650 | _aProducao Leiteira | ||
| 773 | 0 |
_tRevista Brasileira de Zootecnia (Brazil) _xISSN 0100-4859 _g(Sep-Oct 1997), v. 26(5) p. 887-893 _wBR9800377 |
|
| 909 |
_a202311 _bLúcia _c55 _dLúcia Elande |
||
| 942 |
_2AGRIS _n0 _cANA |
||
| 999 |
_c157493 _d157493 |
||